000 01214nam a22003377a 4500
003 CHAP
005 20220329135345.0
008 971013s1994 r 00010 d
010 _a34983
011 _a35955
035 _a40073
040 _cCHAP
090 _aFolleto 14443
100 0 0 _aRebollo Correa, M. Lourdes.
_994969
245 _aPlagas principales del frijol en el Estado de México
260 _aMetepec, Méx. :
_bInstituto de Capacitación Agropecuaria, Acuícola y Forestal del Estado de México. Departamento de Laboratorios de Apoyo,
_c1994
300 _a12 p.
490 _aICAMEX. Folleto misceláneo
_v; 6
590 _aBATCH-UPD
_b10
_c20130110
_lUCH01
_h0252
590 _aBATCH-UPD
_b10
_c20130110
_lUCH01
_h1430
590 _aBATCH-UPD
_b10
_c20130409
_lUCH01
_h2322
590 _aBATCH-UPD
_b10
_c20130914
_lUCH01
_h1440
590 _aCONVERSION
_b10
_c20130109
_lUCH01
_h1320
650 1 4 _aFrijol
_xPlagas.
_943415
650 1 4 _aFrijol
_zMéxico (Edo.).
_943456
830 0 _aICAMEX. Folleto misceláneo
_v; 6
_957258
901 _aBK
942 _cFOLL
949 _aFolleto 14443
_bBC
_cFOLL
_d-91555
_eTS1
_i40073
_mD.
_si
949 _aFolleto 14443
_bBC
_cFOLL
_d-91556
_eTS2
_fc.2
_i40073
_mD.
_si
999 _c34983
_d34983